Hệ thống văn bản mới về bảo vệ môi trường 2009; Quy chuẩn, tiêu chuẩn Việt Nam về môi trường
Cập nhật những văn bản quan trọng và mới nhất trong các chuyên mục sau: 1. Luật bảo vệ môi trường và các văn bản hướng dẫn thi hành; 2. Hệ thống tiêu chuẩn Việt Nam về môi trường; 3. Các quy chuẩn kỹ thuật quốc gia về môi trường; 4. Ca...
Сохранить в:
| Главный автор: | |
|---|---|
| Формат: | |
| Язык: | Undetermined |
| Опубликовано: |
H.
Thống kê
2009
|
| Предметы: | |
| Online-ссылка: | http://lrc.tdmu.edu.vn/opac/search/detail.asp?aID=2&ID=14320 |
| Метки: |
Добавить метку
Нет меток, Требуется 1-ая метка записи!
|
| Thư viện lưu trữ: | Trung tâm Học liệu Trường Đại học Thủ Dầu Một |
|---|
| LEADER | 01371nam a2200205Ia 4500 | ||
|---|---|---|---|
| 001 | TDMU_14320 | ||
| 008 | 210410s9999 xx 000 0 und d | ||
| 082 | |a 344.59704 | ||
| 090 | |b H407 | ||
| 100 | |a Hoàng Anh | ||
| 245 | 0 | |a Hệ thống văn bản mới về bảo vệ môi trường 2009; Quy chuẩn, tiêu chuẩn Việt Nam về môi trường | |
| 245 | 0 | |c Hoàng Anh (sưu tầm và hệ thống hóa) | |
| 260 | |a H. | ||
| 260 | |b Thống kê | ||
| 260 | |c 2009 | ||
| 300 | |a 586 tr. | ||
| 520 | |a Cập nhật những văn bản quan trọng và mới nhất trong các chuyên mục sau: 1. Luật bảo vệ môi trường và các văn bản hướng dẫn thi hành; 2. Hệ thống tiêu chuẩn Việt Nam về môi trường; 3. Các quy chuẩn kỹ thuật quốc gia về môi trường; 4. Các quy định mới về bảo vệ môi trường; 5. Quy định về quản lý kinh phí, phí bảo vệ môi trường; 6. Thanh tra, xử phạt vi phạm về môi trường. | ||
| 650 | |a Luật Bảo vệ môi trường |z Việt Nam; Văn bản pháp quy | ||
| 856 | |u http://lrc.tdmu.edu.vn/opac/search/detail.asp?aID=2&ID=14320 | ||
| 980 | |a Trung tâm Học liệu Trường Đại học Thủ Dầu Một | ||